Bengal : the British bridgehead : eastern India, 1740-1828 /

Bibliographic Details
Main Author: Marshall, P. J. (Peter James)
Format: Book
Language:English
Published: Cambridge [Cambridgeshire] ; New York : Cambridge University Press, 1987.
Series:New Cambridge history of India ; II-2.
Subjects:
Online Access:Connect to the online version of this book

MARC

Tag First Indicator Second Indicator Subfields
LEADER 00000cam a22000008a 4500
001 in00000033253
005 20190325090719.0
008 860416s1987 enkab b 00110 eng
010 |a  86009719  
020 |a 0521253306 
035 |a (OCoLC)13526708 
035 |9 AAC1107AM 
040 |a DLC  |c DLC  |d TXA  |d UtOrBLW 
043 |a a-ii---  |a a-bg--- 
049 |a TXAM  |c [A11693677] 
050 0 0 |a DS485.B48  |b M36 1988 
050 4 |a DS485.B48  |b M36 1987 
082 0 |a 954/.14029  |2 19 
100 1 |a Marshall, P. J.  |q (Peter James) 
245 1 0 |a Bengal :  |b the British bridgehead : eastern India, 1740-1828 /  |c P.J. Marshall. 
264 1 |a Cambridge [Cambridgeshire] ;  |a New York :  |b Cambridge University Press,  |c 1987. 
300 |a xv, 195 pages :  |b illustrations, maps. 
336 |a text  |b txt  |2 rdacontent 
337 |a unmediated  |b n  |2 rdamedia 
338 |a volume  |b nc  |2 rdacarrier 
490 1 |a New Cambridge history of India ;  |v II-2 
504 |a Bibliography: pages 183-188. 
500 |a Includes index. 
651 0 |a Bengal (India)  |x History. 
651 0 |a India  |x History  |y 18th century. 
651 0 |a India  |x History  |y 19th century. 
830 0 |a New Cambridge history of India ;  |v II-2. 
856 4 1 |u http://proxy.library.tamu.edu/login?url=http://histories.cambridge.org/uid=9575/book?id=chol9780521253307_CHOL9780521253307  |z Connect to the online version of this book  |t 0 
999 |a MARS 
999 f f |s 9e388502-b745-3e56-a787-95d0edc623f9  |i 3db9f8df-09b1-3b75-b23e-55e22e4ec504  |t 0 
952 f f |p storage  |a Texas A&M University  |b J.J. Pickle Campus  |c High Density Repository  |d Remote Storage  |t 0  |e DS485.B48 M36 1987  |h Library of Congress classification  |i unmediated -- volume  |m A14811693677 
998 f f |a DS485.B48 M36 1987  |t 0  |l Remote Storage